00838nam a2200241 a 4500001000200000003000900002005001700011007000200028008004000030020001800070040002200088082002900110100002900139245006400168260007100232300002100303490004800324500007100372504007300443650002300516650002700539700003000566 DO-SdBNP20210511104845.0 100201s2019 dr 000 j spa d a9789945503661 aBPMSUbspacBPMSU aRD863.44bB742m 2019222 aBosch, Juan d1909-2001.13aLa mañosa /c Juan Bosch ; prólogo de Jorge Urrutia b  aSanto Domingo :b Ministerio de Cultura ;bEditora Nacional c2019 a194 p. ;c20 cm.0 aBiblioteca dominicana básica ;anarrativa 3Incluye datos biográficos del autor en la solapa de la cubierta  aIncluye referencias bibliográficas y notas al pie de las páginas 4aNovela dominicana  4aLiteratura dominicana 1 a Urrutia, Jorgeepról.